00928nam a2200193 a 4500001001000000005001700010008004100027041000800068044000700076084002000083100002000103245027700123260006000400300003600460500004300496500010400539650004600643650004500689BRCA_890320190320210443.0160617s1775----sp-#######---#000-0#spa-# aspa asp aCO97b.F43 17751 aFebrero, Joseph10aLibrería de escribanos, è instrucción jurídica teórico practica de principiantesbobra utilísima no solo para escribanos, sino para toda clase de personascsu autor D. Joseph Febrero; Quien lo dedica al Illmo. Sr. D. Pedro Rodríguez Campomanes; Tomo tercero. aMadridcEn la imprenta de Antonio Pérez de Sotoe1775 a[2], 382 p. (t.3)c21 x 15.5 cm aCon privilegio, y licencias necesarias aEstado físico: presenta encuadernación en pergamino, con cintas rotas y algunas hojas manchadas14aDerecho procesalyObras anteriores a 180014aDerechovManualyObras anteriores a 1800